[Event "European Youth Chess Championship B14"]
[Site "Prague, Top Hotel Prague"]
[Date "2016.08.22"]
[Round "5.27"]
[White "Chukavin, Kirill"]
[Black "Shmavonyan, Areg"]
[Result "1/2-1/2"]
[WhiteElo "2146"]
[BlackElo "1998"]
[PlyCount "111"]
[EventDate "2016.08.18"]

1. e4 e5 2. Nf3 Nc6 3. Bb5 a6 4. Ba4 Nf6 5. O-O Be7 6. Re1 b5 7. Bb3 d6 8. c3
O-O 9. a4 Bb7 10. d4 h6 11. Nbd2 Re8 12. d5 Nb8 13. Qe2 c6 14. dxc6 Bxc6 15.
axb5 Bxb5 16. c4 Bc6 17. Bc2 Nbd7 18. Nb1 Nc5 19. Nc3 a5 20. h3 Bf8 21. Nh2 Qb8
22. Ra3 Ne6 23. Nd5 Nxd5 24. exd5 Nd4 25. Qd3 Nxc2 26. Qxc2 Bd7 27. Bd2 a4 28.
Nf1 Qc7 29. Rc3 Reb8 30. Ng3 Kh8 31. Be3 Qb7 32. Rb1 Rc8 33. f4 Re8 34. b4 exf4
35. Bxf4 Qa7+ 36. Qf2 Qxf2+ 37. Kxf2 g5 38. Bd2 Bg7 39. Rf3 Bd4+ 40. Kf1 Kg8
41. Bc3 Bxc3 42. Rxc3 f5 43. Kf2 Kf7 44. Nf1 f4 45. Nd2 Re7 46. Rb2 Kf6 47. b5
h5 48. g3 fxg3+ 49. Rxg3 g4 50. hxg4 Bxg4 51. b6 Rb7 52. Rc3 Ke7 53. Nf1 Kd8
54. Ne3 Kc8 55. Nc2 Re7 56. Rb1 1/2-1/2

[Event "European Youth Chess Championship B14"]
[Site "Prague, Top Hotel Prague"]
[Date "2016.08.22"]
[Round "5.28"]
[White "Amon, Nejc"]
[Black "Gorshtein, Ido"]
[Result "1/2-1/2"]
[WhiteElo "2138"]
[BlackElo "2008"]
[PlyCount "169"]
[EventDate "2016.08.18"]

1. e4 c6 2. d4 d5 3. Nc3 dxe4 4. Nxe4 Nd7 5. Bc4 Ngf6 6. Nxf6+ Nxf6 7. c3 g6 8.
Nf3 Bg7 9. h3 O-O 10. O-O b6 11. Re1 Bb7 12. Qe2 e6 13. Ne5 Nd5 14. Bd2 c5 15.
dxc5 bxc5 16. Bb3 Qc7 17. c4 Nb4 18. Bf4 Qe7 19. Ba4 Rad8 20. a3 Bxe5 21. Bxe5
Nd3 22. Red1 Nxe5 23. Qxe5 f6 24. Qe3 e5 25. Re1 Rd4 26. Rad1 Rfd8 27. b4 Ba6
28. bxc5 Qxc5 29. Rxd4 Rxd4 30. Rc1 Kg7 31. Bb5 Bc8 32. Qb3 Rd2 33. Rf1 a6 34.
Ba4 g5 35. Qb4 Qxb4 36. axb4 Rb2 37. b5 Rb4 38. Ra1 Rxc4 39. bxa6 Bxa6 40. Bb3
Rc6 41. Rd1 Rc7 42. Ra1 Bd3 43. Rd1 Bf5 44. Rd8 Rc8 45. Rd1 Rc3 46. Ba2 h5 47.
Re1 h4 48. Rd1 Rc8 49. Bb3 Kf8 50. Ra1 Rb8 51. Ra3 Be4 52. Bc4 Rc8 53. Bb5 Rc5
54. Ba6 Ke7 55. Bd3 Rc1+ 56. Kh2 Bxd3 57. Rxd3 Rf1 58. Rd2 Ke6 59. g3 hxg3+ 60.
Kxg3 Rg1+ 61. Kh2 Ra1 62. Rb2 Kf5 63. Kg2 Ra3 64. Rc2 Kf4 65. Rb2 e4 66. Rb6 f5
67. Rb4 Ra2 68. Rb3 Rd2 69. Ra3 Ke5 70. Ra5+ Rd5 71. Ra8 f4 72. Ra4 Rd2 73.
Ra5+ Kd4 74. Kf1 e3 75. Ra4+ Kd3 76. Ra3+ Ke4 77. fxe3 fxe3 78. Ra8 Rh2 79.
Re8+ Kf3 80. Rf8+ Kg3 81. Rg8 Rf2+ 82. Ke1 Rf5 83. Rh8 Kf3 84. Rg8 Kg3 85. Rh8
1/2-1/2

[Event "European Youth Chess Championship B14"]
[Site "Prague, Top Hotel Prague"]
[Date "2016.08.22"]
[Round "5.29"]
[White "Golding, Alex"]
[Black "Levitskiy, Andrey"]
[Result "1/2-1/2"]
[WhiteElo "1958"]
[BlackElo "2101"]
[PlyCount "78"]
[EventDate "2016.08.18"]

1. e4 c5 2. Nf3 Nc6 3. d4 cxd4 4. Nxd4 g6 5. Nc3 Bg7 6. Be3 Nf6 7. Bc4 O-O 8.
Bb3 a5 9. O-O Nxd4 10. Bxd4 d6 11. Qe2 Bd7 12. a4 Bc6 13. Rad1 Nd7 14. Bxg7
Kxg7 15. Nd5 Rc8 16. Rfe1 b6 17. Qe3 Bxd5 18. exd5 Re8 19. Qd4+ f6 20. Bc4 Rf8
21. c3 Rf7 22. Bb5 Nf8 23. Bc6 g5 24. h4 gxh4 25. Qxh4 Ng6 26. Qg4 Kh8 27. Qh5
Rg7 28. Re4 Ne5 29. Bb5 Qg8 30. Bf1 Rf8 31. f4 Rg4 32. Qf5 Nf3+ 33. Kf2 Nh4 34.
Qe6 Qg6 35. Rdd4 Rg8 36. f5 Rxg2+ 37. Ke1 Qg3+ 38. Kd1 Nf3 39. Bxg2 Nxd4
1/2-1/2

[Event "European Youth Chess Championship B14"]
[Site "Prague, Top Hotel Prague"]
[Date "2016.08.22"]
[Round "5.30"]
[White "Tomasi, Albert"]
[Black "Mladek, Richard"]
[Result "1-0"]
[WhiteElo "2276"]
[BlackElo "2015"]
[PlyCount "77"]
[EventDate "2016.08.18"]

1. e4 c5 2. Nf3 Nc6 3. d4 cxd4 4. Nxd4 g6 5. c4 Bg7 6. Be3 d6 7. Nc3 Nf6 8. Be2
O-O 9. O-O Bd7 10. f3 Nxd4 11. Bxd4 a5 12. b3 Bc6 13. Qd2 Nd7 14. Be3 Nc5 15.
Rab1 e6 16. Bd1 Be5 17. a3 Qe7 18. b4 axb4 19. axb4 Na4 20. Nxa4 Bxa4 21. Bxa4
Rxa4 22. f4 Bf6 23. e5 dxe5 24. Bc5 Rd8 25. Qc2 Qe8 26. fxe5 Bxe5 27. Qe4 Bc3
28. Rf3 f5 29. Qxb7 Rb8 30. Qc7 Bg7 31. Re1 Rc8 32. Qb6 e5 33. Rd3 Raa8 34.
Red1 Rab8 35. Qa7 Rd8 36. Rd7 Bh6 37. Qc7 Bg5 38. Rg7+ Kh8 39. Rxh7+ 1-0

[Event "European Youth Chess Championship B14"]
[Site "Prague, Top Hotel Prague"]
[Date "2016.08.22"]
[Round "5.31"]
[White "Olsen, Filip Boe"]
[Black "Haase, Pavel"]
[Result "1/2-1/2"]
[WhiteElo "2260"]
[BlackElo "2012"]
[PlyCount "94"]
[EventDate "2016.08.18"]

1. d4 Nf6 2. c4 g6 3. Nc3 d5 4. Nf3 Bg7 5. Qb3 c6 6. cxd5 Nxd5 7. e4 Nb6 8. Be3
Be6 9. d5 cxd5 10. Bb5+ Bd7 11. exd5 O-O 12. Rd1 Nc8 13. O-O Nd6 14. Be2 Bc8
15. Nb5 Na6 16. Nxa7 Bd7 17. Nb5 Bxb5 18. Bxb5 Qa5 19. Bxa6 Qxa6 20. a3 Qc4 21.
Rd3 Bxb2 22. Bh6 Qxb3 23. Rxb3 Bg7 24. Bg5 Rfe8 25. Re1 Bf8 26. Bf4 Red8 27. g3
Ra5 28. Rd1 Rb5 29. Rdd3 Rxb3 30. Rxb3 Nc4 31. Rc3 Nb6 32. Rb3 Nxd5 33. Rxb7
Nxf4 34. gxf4 Ra8 35. Ne5 Bg7 36. Nc6 Bh6 37. Nxe7+ Kf8 38. f5 Bg5 39. Nd5 Rxa3
40. f6 Ra8 41. f4 Bh4 42. Kg2 h5 43. Kf3 Re8 44. Rd7 Kg8 45. Rd6 Kh7 46. Rd7
Kg8 47. Ne7+ Kf8 1/2-1/2

[Event "European Youth Chess Championship B14"]
[Site "Prague, Top Hotel Prague"]
[Date "2016.08.22"]
[Round "5.32"]
[White "Orfini, Nicolo`"]
[Black "Travadon, Loic"]
[Result "1/2-1/2"]
[WhiteElo "1996"]
[BlackElo "2258"]
[PlyCount "115"]
[EventDate "2016.08.18"]

1. e4 c5 2. Nf3 g6 3. d3 Bg7 4. Nbd2 Nc6 5. g3 d6 6. Bg2 e5 7. c3 Nge7 8. O-O
O-O 9. a4 h6 10. Re1 Be6 11. Qe2 Qd7 12. Nc4 f5 13. exf5 gxf5 14. Bd2 Rae8 15.
Rad1 Ng6 16. Bc1 d5 17. Ncd2 Qf7 18. Rf1 Bc8 19. Ne1 e4 20. Nc2 Nge5 21. Ne1 b6
22. dxe4 fxe4 23. f3 e3 24. Nb1 d4 25. Na3 Be6 26. f4 Bg4 27. Nf3 d3 28. Rxd3
Nxd3 29. Qxd3 Bf5 30. Qe2 Rd8 31. Qxe3 Rfe8 32. Qf2 Bd3 33. Re1 Rxe1+ 34. Nxe1
Qe6 35. Nxd3 Rxd3 36. Bf1 Rd1 37. Be3 Qe4 38. Qe2 Ra1 39. Nc2 Rb1 40. Na3 Rxb2
41. Qxb2 Qxe3+ 42. Kg2 Qe4+ 43. Kg1 Nd4 44. Qg2 Qe3+ 45. Kh1 Nf3 46. Be2 Ne1
47. Qd5+ Kh8 48. Bc4 Qf3+ 49. Qxf3 Nxf3 50. Bd5 Ne1 51. c4 Nd3 52. Kg2 Nb2 53.
Bc6 a6 54. Bb7 Nxa4 55. Bxa6 Nc3 56. Kf3 Bf6 57. h3 Kg7 58. Nb5 1/2-1/2

[Event "European Youth Chess Championship B14"]
[Site "Prague, Top Hotel Prague"]
[Date "2016.08.22"]
[Round "5.33"]
[White "Nilsen, Tobias Lang"]
[Black "Vestby-Ellingsen, Mads"]
[Result "0-1"]
[WhiteElo "1987"]
[BlackElo "2184"]
[PlyCount "62"]
[EventDate "2016.08.18"]

1. e4 e6 2. d4 d5 3. Nd2 Be7 4. Ngf3 Nf6 5. e5 Nfd7 6. Bd3 c5 7. c3 Nc6 8. O-O
g5 9. b3 h5 10. Bb2 cxd4 11. c4 Ndxe5 12. Nxe5 Nxe5 13. Be2 g4 14. Bxd4 Bf6 15.
f4 Ng6 16. Bxf6 Qxf6 17. cxd5 exd5 18. Qe1 O-O 19. Qf2 Bf5 20. Rac1 Qb2 21.
Rcd1 a6 22. Qc5 Rfe8 23. Rf2 Qc2 24. Qxc2 Bxc2 25. Re1 d4 26. Kf1 d3 27. Bd1
Rxe1+ 28. Kxe1 Re8+ 29. Kf1 Bxd1 30. f5 Ne7 31. Ne4 Nd5 0-1

[Event "European Youth Chess Championship B14"]
[Site "Prague, Top Hotel Prague"]
[Date "2016.08.22"]
[Round "5.34"]
[White "De, Boer Eelke"]
[Black "Kreutzmann, Duke"]
[Result "1-0"]
[WhiteElo "2183"]
[BlackElo "1975"]
[PlyCount "49"]
[EventDate "2016.08.18"]

1. e4 e6 2. d4 d5 3. Nc3 Nf6 4. Bg5 dxe4 5. Nxe4 Nbd7 6. Nf3 h6 7. Nxf6+ Nxf6
8. Bh4 c5 9. Bd3 cxd4 10. Nxd4 Bc5 11. Nb3 Bb6 12. Qe2 O-O 13. O-O-O Qc7 14.
Bg3 Qe7 15. Bd6 Qd8 16. Bxf8 Qxf8 17. Kb1 a5 18. a4 Bd7 19. Bb5 Bxb5 20. Qxb5
Bxf2 21. Rhf1 Be3 22. Rd3 Bg5 23. Nc5 Nd5 24. Nxe6 Qe7 25. Qxd5 1-0

[Event "European Youth Chess Championship B14"]
[Site "Prague, Top Hotel Prague"]
[Date "2016.08.22"]
[Round "5.35"]
[White "Tryggestad, Andreas Garberg"]
[Black "Buitron, Ramil David"]
[Result "1-0"]
[WhiteElo "2161"]
[BlackElo "1949"]
[PlyCount "41"]
[EventDate "2016.08.18"]

1. d4 Nf6 2. c4 g6 3. Nc3 Bg7 4. e4 d6 5. Bd3 O-O 6. Nge2 Nbd7 7. O-O c5 8. d5
b6 9. f4 Bb7 10. h3 h5 11. Qe1 e6 12. dxe6 fxe6 13. Qg3 e5 14. Qxg6 exf4 15.
Bxf4 Ne5 16. Bxe5 dxe5 17. Nd5 Qd6 18. Ng3 Bxd5 19. exd5 e4 20. Nxh5 Qd7 21.
Nxf6+ 1-0

[Event "European Youth Chess Championship B14"]
[Site "Prague, Top Hotel Prague"]
[Date "2016.08.22"]
[Round "5.36"]
[White "Lomandong, Marc-Antoine"]
[Black "Kozak, Antoni"]
[Result "1/2-1/2"]
[WhiteElo "1918"]
[BlackElo "2102"]
[PlyCount "73"]
[EventDate "2016.08.18"]

1. d4 Nf6 2. c4 e6 3. Nf3 c5 4. g3 cxd4 5. Nxd4 Nc6 6. Bg2 Qb6 7. Nxc6 bxc6 8.
e4 e5 9. O-O Be7 10. Qc2 O-O 11. Nc3 Qc7 12. h3 Bc5 13. Kh2 d6 14. Bg5 Nd7 15.
Rae1 Bb6 16. Qd2 Nc5 17. f4 f6 18. Bh4 Ne6 19. f5 Nd4 20. g4 h6 21. Bf2 Qf7 22.
b3 Bb7 23. Bxd4 Bxd4 24. Ne2 c5 25. h4 a5 26. a4 Bc8 27. Nc1 g5 28. hxg5 hxg5
29. Kg3 Kg7 30. Rh1 Bd7 31. Bf3 Rh8 32. Rxh8 Kxh8 33. Rh1+ Kg7 34. Qh2 Qg8 35.
Qh6+ Kf7 36. Qh7+ Qg7 37. Qh5+ 1/2-1/2

[Event "European Youth Chess Championship B14"]
[Site "Prague, Top Hotel Prague"]
[Date "2016.08.22"]
[Round "5.37"]
[White "Golikov, Daniil"]
[Black "Svanda, Ondrej"]
[Result "1/2-1/2"]
[WhiteElo "2098"]
[BlackElo "1927"]
[PlyCount "106"]
[EventDate "2016.08.18"]

1. d4 Nf6 2. c4 e6 3. Nc3 Bb4 4. e3 b6 5. Nge2 Ba6 6. a3 Bxc3+ 7. Nxc3 d5 8. b3
O-O 9. Be2 dxc4 10. bxc4 Bb7 11. Bf3 Bxf3 12. Qxf3 Nbd7 13. Bb2 Qe7 14. O-O c5
15. d5 Ne5 16. Qe2 exd5 17. Nxd5 Nxd5 18. cxd5 c4 19. Bxe5 Qxe5 20. Qxc4 Rfc8
21. Qa2 Rc5 22. Rfd1 Rd8 23. e4 Qxe4 24. d6 Qe6 25. Qd2 Rc6 26. d7 Rc7 27. Rac1
Rdxd7 28. Qf4 Rxd1+ 29. Rxd1 Re7 30. g3 g6 31. h4 Qe5 32. Qh6 Re8 33. Qd2 Qe2
34. Qd7 Qe7 35. Qa4 a5 36. Rb1 Qe4 37. Qxe4 Rxe4 38. Rxb6 Re1+ 39. Kg2 Ra1 40.
Rb3 Kg7 41. Kf3 Kf6 42. Kf4 h6 43. f3 Ra2 44. g4 Rc2 45. Ke4 Rh2 46. Rb5 Rxh4
47. Rxa5 h5 48. Kf4 hxg4 49. fxg4 Rh1 50. Ra6+ Ke7 51. Kg5 f5 52. Rxg6 fxg4 53.
Kf5 Ra1 1/2-1/2

[Event "European Youth Chess Championship B14"]
[Site "Prague, Top Hotel Prague"]
[Date "2016.08.22"]
[Round "5.38"]
[White "Michaelides, Konstantinos"]
[Black "Petr, Jakub"]
[Result "0-1"]
[WhiteElo "2092"]
[BlackElo "1917"]
[PlyCount "56"]
[EventDate "2016.08.18"]

1. e4 c5 2. Nf3 d6 3. d4 cxd4 4. Nxd4 Nf6 5. Nc3 a6 6. Be3 e5 7. Nb3 Be7 8. Qd2
Be6 9. f4 b5 10. f5 Bc4 11. O-O-O Ng4 12. Kb1 Nd7 13. Bg1 Ngf6 14. Bd3 Qc7 15.
Qe2 Rc8 16. Bf2 Nb6 17. Qe3 Na4 18. Nxa4 bxa4 19. Nc1 O-O 20. Rhe1 Rb8 21. Qe2
d5 22. exd5 Nxd5 23. Ka1 Qb7 24. c3 a3 25. Nb3 Bxb3 26. Rb1 Bxa2 27. bxa3 Bxb1
28. Bxb1 Qxb1+ 0-1

[Event "European Youth Chess Championship B14"]
[Site "Prague, Top Hotel Prague"]
[Date "2016.08.22"]
[Round "5.39"]
[White "Lund, Gunnar"]
[Black "Yeritsyan, Aram"]
[Result "0-1"]
[WhiteElo "1913"]
[BlackElo "2091"]
[PlyCount "78"]
[EventDate "2016.08.18"]

1. e4 c6 2. d4 d5 3. exd5 cxd5 4. Bd3 Nc6 5. c3 Nf6 6. Bf4 g6 7. Nf3 Bg7 8. O-O
O-O 9. Re1 Bf5 10. Na3 Re8 11. Nc2 e6 12. Ne5 Qb6 13. b4 Rac8 14. Bxf5 gxf5 15.
Nd3 Ne7 16. Nc5 Qc6 17. b5 Qxb5 18. Rb1 Qa5 19. Nb4 Ne4 20. Nxb7 Qa3 21. Rb3
Qa4 22. Nd6 Nxd6 23. Bxd6 Nc6 24. Qe2 Na5 25. Rbb1 Rxc3 26. Nxd5 Rc2 27. Ne7+
Kh8 28. Qh5 Qxd4 29. Bg3 Rf8 30. Rb5 Rxa2 31. Nxf5 exf5 32. Rxf5 Ra1 33. Qe2
Nc6 34. Rg5 Rxe1+ 35. Qxe1 Qa1 36. Qxa1 Bxa1 37. Rc5 Rc8 38. Kf1 a5 39. Ke2
Nd4+ 0-1

[Event "European Youth Chess Championship B14"]
[Site "Prague, Top Hotel Prague"]
[Date "2016.08.22"]
[Round "5.41"]
[White "Bango, Lukas"]
[Black "Gloser, David"]
[Result "1-0"]
[WhiteElo "2058"]
[BlackElo "1900"]
[PlyCount "89"]
[EventDate "2016.08.18"]

1. Nf3 g6 2. g3 Bg7 3. Bg2 e5 4. d3 d6 5. O-O f5 6. e4 Nc6 7. Nc3 Nf6 8. Bg5 h6
9. Bxf6 Bxf6 10. Nd5 Be6 11. Qd2 g5 12. Nxf6+ Qxf6 13. exf5 Bxf5 14. Qe2 O-O
15. Nd2 Kg7 16. c3 Qg6 17. Be4 h5 18. Rae1 Rae8 19. Kh1 Ne7 20. Nc4 Rh8 21. f3
b5 22. Ne3 Bxe4 23. fxe4 Ref8 24. Kg1 a6 25. h3 a5 26. b3 b4 27. Rxf8 Rxf8 28.
Rc1 c5 29. a3 bxc3 30. Rxc3 Rb8 31. g4 h4 32. Nf5+ Kf8 33. b4 axb4 34. axb4
Rxb4 35. Ra3 Rb8 36. Ra6 Nxf5 37. exf5 Qf6 38. Qe4 Rd8 39. Ra7 d5 40. Qe3 d4
41. Qc1 Rc8 42. Qc4 Rc6 43. Ra8+ Ke7 44. Qg8 Rc7 45. Qd8+ 1-0

[Event "European Youth Chess Championship B14"]
[Site "Prague, Top Hotel Prague"]
[Date "2016.08.22"]
[Round "5.42"]
[White "Vodila, Martin Botond"]
[Black "Gherghel-Butan, Mircea"]
[Result "1/2-1/2"]
[WhiteElo "2047"]
[BlackElo "1892"]
[PlyCount "39"]
[EventDate "2016.08.18"]

1. e4 Nf6 2. Nc3 d5 3. exd5 Nxd5 4. Bc4 c6 5. Qf3 e6 6. Nge2 Nd7 7. d4 b5 8.
Nxd5 exd5 9. Bd3 Nf6 10. h3 g6 11. Bg5 Bg7 12. Qe3+ Qe7 13. Qxe7+ Kxe7 14. O-O
Re8 15. Ng3 Kf8 16. Rae1 Bd7 17. Bd2 h5 18. Rxe8+ Rxe8 19. Re1 Rxe1+ 20. Bxe1
1/2-1/2

[Event "European Youth Chess Championship B14"]
[Site "Prague, Top Hotel Prague"]
[Date "2016.08.22"]
[Round "5.43"]
[White "Jazdanovs, Aleksandrs"]
[Black "Pavlik, Vladimir"]
[Result "1/2-1/2"]
[WhiteElo "2040"]
[BlackElo "1749"]
[PlyCount "114"]
[EventDate "2016.08.18"]

1. e4 d6 2. d4 Nf6 3. Nc3 Nbd7 4. g4 h6 5. h3 e5 6. Be3 Be7 7. Qd2 c6 8. Bg2
Qc7 9. Nge2 b5 10. Ng3 Nb6 11. b3 a6 12. O-O O-O 13. Nce2 Rd8 14. f4 c5 15. d5
a5 16. fxe5 dxe5 17. Nf5 Bxf5 18. Rxf5 Nbd7 19. Bxh6 gxh6 20. Qxh6 Nf8 21. Rxf6
Bxf6 22. Qxf6 Nh7 23. Qf5 Qe7 24. Ng3 Ra6 25. Qf2 Qh4 26. Qe3 Qe7 27. Nf5 Qc7
28. Rf1 Rd7 29. Rd1 b4 30. Bf1 Rb6 31. d6 Rbxd6 32. Rxd6 Rxd6 33. Nxd6 Qxd6 34.
Qd3 Qxd3 35. Bxd3 Ng5 36. Kg2 Kg7 37. Kg3 f6 38. h4 Ne6 39. Bc4 Nd4 40. g5 Nxc2
41. gxf6+ Kxf6 42. Kf2 Kg6 43. Be2 Na3 44. Ke3 Kh6 45. Kf2 Nb1 46. Ke3 Na3 47.
Kd3 Kg6 48. Bd1 Kh6 49. Ke3 Kg6 50. Be2 Kh6 51. Kf3 Nc2 52. Bd1 Nd4+ 53. Kg3
Nb5 54. Kg4 Nd6 55. Bc2 c4 56. bxc4 Nxc4 57. Bd3 Nd6 1/2-1/2

[Event "European Youth Chess Championship B14"]
[Site "Prague, Top Hotel Prague"]
[Date "2016.08.22"]
[Round "5.44"]
[White "Nagy, Ladislav"]
[Black "Stinka, Jakub"]
[Result "1/2-1/2"]
[WhiteElo "1872"]
[BlackElo "2034"]
[PlyCount "71"]
[EventDate "2016.08.18"]

1. e4 c5 2. Nf3 d6 3. d4 cxd4 4. Nxd4 Nf6 5. Nc3 Nc6 6. Bc4 e6 7. Bb3 Be7 8.
Be3 a6 9. f4 O-O 10. O-O Nxd4 11. Bxd4 b5 12. a3 Bb7 13. Qf3 Qc7 14. f5 e5 15.
Bf2 Bc6 16. Bh4 Nxe4 17. Bxe7 Nf6 18. Bxd6 Qxd6 19. Qe2 Rad8 20. Rad1 Qc5+ 21.
Qf2 Qxf2+ 22. Kxf2 Ng4+ 23. Kg1 Ne3 24. Rxd8 Rxd8 25. Rf2 Nd1 26. Re2 Nxc3 27.
bxc3 e4 28. Kf2 Kf8 29. c4 Ke7 30. Ke1 Kf6 31. Rd2 Rxd2 32. Kxd2 Kxf5 33. cxb5
axb5 34. Bxf7 Kf4 35. Ke2 Bd7 36. c4 1/2-1/2

[Event "European Youth Chess Championship B14"]
[Site "Prague, Top Hotel Prague"]
[Date "2016.08.22"]
[Round "5.45"]
[White "Novotny, Martin"]
[Black "Maache, Jawad"]
[Result "1/2-1/2"]
[WhiteElo "1557"]
[BlackElo "2090"]
[PlyCount "62"]
[EventDate "2016.08.18"]

1. e4 d5 2. exd5 Qxd5 3. Nc3 Qa5 4. d4 Nf6 5. Bd2 Bg4 6. f3 Be6 7. Bd3 Nbd7 8.
Nge2 c6 9. Nf4 Qb6 10. Nxe6 fxe6 11. Ne2 O-O-O 12. O-O e5 13. Be3 e6 14. Bf2
exd4 15. Nxd4 c5 16. Nb3 Bd6 17. Qe2 Qc7 18. h3 Rde8 19. Nd2 Be5 20. c3 Nd5 21.
Nc4 Bg3 22. Be4 N7f6 23. Ne3 Nxe4 24. fxe4 Nf6 25. Ng4 Bxf2+ 26. Rxf2 Rhf8 27.
Raf1 Qe7 28. e5 Nd5 29. Ne3 Rxf2 30. Qxf2 Nxe3 31. Qxe3 Rf8 1/2-1/2

[Event "European Youth Chess Championship B14"]
[Site "Prague, Top Hotel Prague"]
[Date "2016.08.22"]
[Round "5.46"]
[White "Nehyba, Martin"]
[Black "Isfan, Ioan-Marius"]
[Result "0-1"]
[WhiteElo "1824"]
[BlackElo "2011"]
[PlyCount "116"]
[EventDate "2016.08.18"]

1. e4 c6 2. d4 d5 3. exd5 cxd5 4. Bf4 Nc6 5. Nc3 a6 6. Nf3 Bg4 7. Be2 e6 8. Ne5
Bxe2 9. Nxc6 bxc6 10. Nxe2 Nf6 11. c3 Be7 12. O-O O-O 13. Re1 c5 14. Ng3 cxd4
15. Qxd4 Rc8 16. Qe5 Bc5 17. Rf1 Ng4 18. Qe2 Qh4 19. Nh5 Qxh5 20. b4 Be7 21.
Qxa6 Qf5 22. Bg3 h5 23. h3 Ne5 24. b5 Nc4 25. a4 e5 26. Rfd1 Qe6 27. Qxe6 fxe6
28. a5 Ra8 29. a6 Rfb8 30. Rdb1 Bd6 31. f3 Na3 32. Rxa3 Bxa3 33. Bxe5 Bc5+ 34.
Kh2 Rb6 35. Bc7 Raxa6 36. Bxb6 Bd6+ 37. g3 Rxb6 38. Kg2 Kf7 39. f4 h4 40. Kf3
hxg3 41. Kxg3 g5 42. Kg4 gxf4 43. h4 Kg6 44. h5+ Kh6 45. Re1 e5 46. Rd1 Rxb5
47. c4 Rc5 48. cxd5 e4 49. Kf5 e3 50. Kg4 Ra5 51. Rd4 Ra1 52. Re4 Rd1 53. Re6+
Kg7 54. h6+ Kh7 55. Rxd6 e2 56. Re6 e1=Q 57. Rxe1 Rxe1 58. Kxf4 Kxh6 0-1

[Event "European Youth Chess Championship B14"]
[Site "Prague, Top Hotel Prague"]
[Date "2016.08.22"]
[Round "5.47"]
[White "Bulockin, Martin"]
[Black "Martirosyan, Ara"]
[Result "1-0"]
[WhiteElo "2010"]
[BlackElo "1839"]
[PlyCount "83"]
[EventDate "2016.08.18"]

1. e4 c5 2. Nf3 Nc6 3. d4 cxd4 4. Nxd4 g6 5. c4 Nf6 6. Nc3 d6 7. Be2 Nxd4 8.
Qxd4 Bg7 9. Be3 O-O 10. Qd2 Be6 11. f3 Qa5 12. Rc1 Rfc8 13. b3 b6 14. O-O Rc7
15. Bd4 Nd7 16. Bxg7 Kxg7 17. Kh1 Qh5 18. f4 Qh6 19. g4 f6 20. Nd5 Bxd5 21.
Qxd5 Rf8 22. b4 g5 23. f5 Ne5 24. Rc3 Qh4 25. Kg2 Nxg4 26. Rh3 Qxh3+ 27. Kxh3
Ne3 28. Qb5 g4+ 29. Kg3 Nxf1+ 30. Bxf1 h5 31. Kh4 Rh8 32. Be2 Kh6 33. Qd5 Kg7
34. Qe6 a5 35. a3 Kf8 36. c5 bxc5 37. Bc4 Ke8 38. b5 Kd8 39. b6 Rb7 40. Ba6 Rb8
41. b7 Rf8 42. Qc8+ 1-0

[Event "European Youth Chess Championship B14"]
[Site "Prague, Top Hotel Prague"]
[Date "2016.08.22"]
[Round "5.48"]
[White "Colonetti, Fabio"]
[Black "Mahmutbegovic, Muharem"]
[Result "1-0"]
[WhiteElo "1833"]
[BlackElo "1966"]
[PlyCount "65"]
[EventDate "2016.08.18"]

1. e4 c5 2. Nf3 d6 3. d4 cxd4 4. Nxd4 Nf6 5. Nc3 a6 6. Bg5 e6 7. f4 Be7 8. Qf3
Nc6 9. O-O-O Qc7 10. Qg3 Bd7 11. Nxc6 Bxc6 12. Bd3 O-O-O 13. e5 dxe5 14. fxe5
Nd5 15. Bxe7 Qxe7 16. Ne4 Nb4 17. Nd6+ Kb8 18. Bc4 Bd5 19. Bxd5 Nxd5 20. c4 Nb4
21. a3 Nc6 22. c5 g6 23. Rhf1 Rhf8 24. Rf6 Qc7 25. Kb1 Qa5 26. Qb3 Rd7 27. Qe3
Ne7 28. Qh6 Rfd8 29. Rf2 Nf5 30. Qxh7 Qxc5 31. Re2 Qc7 32. Ka2 Nxd6 33. Rxd6
1-0

[Event "European Youth Chess Championship B14"]
[Site "Prague, Top Hotel Prague"]
[Date "2016.08.22"]
[Round "5.49"]
[White "Huynh, Laurent"]
[Black "Zaza, Alexandre"]
[Result "1/2-1/2"]
[WhiteElo "1934"]
[BlackElo "1834"]
[PlyCount "47"]
[EventDate "2016.08.18"]

1. e4 c5 2. c4 Nc6 3. Nc3 g6 4. g3 Bg7 5. Bg2 d6 6. Nge2 Nf6 7. O-O O-O 8. Rb1
Ne8 9. a3 Nc7 10. b4 a6 11. Nd5 Ne6 12. Nec3 Ned4 13. bxc5 dxc5 14. Na4 Qd6 15.
f4 e5 16. Nab6 Rb8 17. Nxc8 Rfxc8 18. Nb6 Rd8 19. f5 Na5 20. d3 Nab3 21. Be3
Qxb6 22. Bxd4 Rxd4 23. Rxb3 Qd6 24. Qb1 1/2-1/2

[Event "European Youth Chess Championship B14"]
[Site "Prague, Top Hotel Prague"]
[Date "2016.08.22"]
[Round "5.50"]
[White "Polansky, Adam Lubos"]
[Black "Kirilov, Ivaylo"]
[Result "1-0"]
[WhiteElo "1773"]
[BlackElo "1911"]
[PlyCount "91"]
[EventDate "2016.08.18"]

1. d4 Nf6 2. c4 g6 3. Nc3 Bg7 4. e4 d6 5. Bd3 O-O 6. Nge2 e5 7. d5 Nbd7 8. O-O
Ne8 9. Be3 Nc5 10. Bc2 a5 11. Qd2 f5 12. exf5 gxf5 13. f4 e4 14. Bd4 Nf6 15. h3
Bd7 16. Nd1 Qe8 17. Ne3 Qg6 18. Qe1 b6 19. Qg3 Qxg3 20. Nxg3 Nxd5 21. Bxc5 Nxf4
22. Rxf4 Be5 23. Rff1 Bxg3 24. Bd4 Be6 25. Nd5 Bxd5 26. cxd5 Rae8 27. Bd1 e3
28. Be2 f4 29. Bc3 Bh4 30. Rad1 Re4 31. Rf3 Rfe8 32. Rd4 Rxd4 33. Bxd4 Re4 34.
Bc3 Bg3 35. Kf1 a4 36. a3 Re8 37. Bb5 Re7 38. Ke2 Re4 39. Bd3 Re7 40. Bc2 Re8
41. Bxa4 Re4 42. Bb5 h5 43. b4 Re7 44. a4 Rf7 45. a5 Rf8 46. Bc6 1-0

[Event "European Youth Chess Championship B14"]
[Site "Prague, Top Hotel Prague"]
[Date "2016.08.22"]
[Round "5.51"]
[White "Sjoberg, Isak"]
[Black "Dobrin, Ionut-Alexandru"]
[Result "1-0"]
[WhiteElo "1893"]
[BlackElo "1829"]
[PlyCount "85"]
[EventDate "2016.08.18"]

1. e4 d5 2. exd5 Nf6 3. d4 Bg4 4. f3 Bf5 5. Bb5+ Nbd7 6. c4 e6 7. dxe6 Bxe6 8.
c5 c6 9. Ba4 Nd5 10. Nc3 N7f6 11. Nge2 Qd7 12. O-O O-O-O 13. Ne4 Be7 14. Rb1
Bf5 15. N2g3 Bg6 16. Bd2 Nxe4 17. fxe4 Nf6 18. Bc3 Nxe4 19. Nxe4 Bxe4 20. Bc2
Bxc2 21. Qxc2 Bf6 22. Rbd1 Qg4 23. d5 Bxc3 24. Qxc3 f6 25. Qa5 Kb8 26. h3 Qh5
27. d6 Qf7 28. Rf3 Rd7 29. Ra3 a6 30. Qb6 Qc4 31. Qa5 Re8 32. Rc3 Qe2 33. Qa4
Re3 34. Qb3 Rxc3 35. bxc3 Qe3+ 36. Kh1 Qxc5 37. Qg8+ Ka7 38. Qe6 Rd8 39. Qe7
Qh5 40. Rb1 Rb8 41. d7 Qd5 42. d8=Q Qxd8 43. Rxb7+ 1-0

[Event "European Youth Chess Championship B14"]
[Site "Prague, Top Hotel Prague"]
[Date "2016.08.22"]
[Round "5.52"]
[White "Slobodiansky, Steven"]
[Black "Nemec, David"]
[Result "1-0"]
[WhiteElo "1891"]
[BlackElo "1721"]
[PlyCount "103"]
[EventDate "2016.08.18"]

1. e4 c5 2. Nf3 Nc6 3. d4 cxd4 4. Nxd4 Nf6 5. Nc3 g6 6. f3 Bg7 7. Be3 Qa5 8.
Qd2 O-O 9. O-O-O d5 10. exd5 Nxd5 11. Nb3 Bxc3 12. Nxa5 Bxd2+ 13. Bxd2 Nxa5 14.
Bxa5 Ne3 15. Re1 Nxf1 16. Rxe7 Nxh2 17. Rxh2 b6 18. Bc3 Be6 19. g4 Rfe8 20.
Rxe8+ Rxe8 21. Rd2 f5 22. g5 Rc8 23. a3 Re8 24. f4 Kf7 25. Be5 Re7 26. Rd6 Rd7
27. Rc6 Bd5 28. Rc8 Bb7 29. Rh8 Ke6 30. b3 b5 31. Kb2 Kd5 32. Kc3 Kc5 33. Bd4+
Kc6 34. Bxa7 Ba6 35. Bb8 Kb7 36. Be5 Kb6 37. Kb4 Bb7 38. c3 Bc6 39. Rb8+ Bb7
40. Re8 Bd5 41. Bd4+ Kc6 42. Be5 Kb6 43. c4 bxc4 44. bxc4 Bf7 45. c5+ Kc6 46.
Rc8+ Kb7 47. Rb8+ Kc6 48. Rb6+ Kd5 49. c6 Rd8 50. c7 Rc8 51. Rd6+ Ke4 52. Rd8
1-0